Excavations by K.M. Kenyon in Jerusalem 1961-1967. Volume VI, sites on the edge of the Ophel /

محفوظ في:

المؤلف الرئيسي: Prag, Kay (مؤلف)

مؤلفون آخرون: Gethin, Peter.

التنسيق: كتاب

اللغة: English

منشور في: Oxford ; Philadelphia : Oxbow Books, 2017.

سلاسل: Levant supplementary series ; 18.
LSS ; 18.

الموضوعات:

الوسوم: إضافة وسم

لا توجد وسوم, كن أول من يضع وسما على هذه التسجيلة!

رقم الطلب: DS111 .A1 L41 v.18

LEADER 01231namaa2200313 4500
003 OSt
005 20260303095326.0
008 130303s2017 enkf b 001 0 eng d
020 |a 9781785706530 
040 |c ARCE Library 
043 |a awba---  |a awgz---  |a a-is--- 
050 4 |a DS111 .A1 L41 v.18 
100 1 |a Prag, Kay,  |e author 
245 1 0 |a Excavations by K.M. Kenyon in Jerusalem 1961-1967.   |n Volume VI,   |p sites on the edge of the Ophel /   |c Kay Prag ; with contributions from Peter Tom Gethin, Jonathan Goodwin, John Hayes, A.J.N.W. Prag, David S. Reese and Felicity C. Wild. 
264 1 |a Oxford ;  |a Philadelphia :  |b Oxbow Books,  |c 2017. 
300 |a xv, 299 pages, 8 unnumbered pages of plates :   |b illustrations (some color) ;   |c 31 cm. 
490 1 |a Levant supplementary series ;   |v 18. 
490 1 |a LSS ;   |v 18. 
504 |a Includes bibliographical references and index. 
650 0 |a Excavations (Archaeology)  |z Jerusalem. 
651 0 |a Jerusalem  |x Antiquities. 
651 0 |a Temple Mount (Jerusalem)  |x Antiquities. 
651 0 |a Ophel (Jerusalem) 
700 1 |a Gethin, Peter.  |9 30631 
830 0 |a Levant supplementary series ;   |v 18. 
830 0 |a LSS ;   |v 18. 
901 |a reviewed 
942 |c BK  |2 lcc 
999 |c 7297  |d 7297